Normal view MARC view
  • E-9 Ministerial Review Meeting

Entry Nombre de Reunión

Number of records used in: 3

001 - NÚMERO DE CONTROL

  • campo de control: 56439

003 - IDENTIFICADOR DE NÚMERO DE CONTROL

  • campo de control: MX-MxUPN

005 - FECHA Y HORA DE LA ÚLTIMA TRANSACCIÓN

  • campo de control: 20250528112606.0

008 - DATOS DE LONGITUD FIJA

  • campo de control de longitud fija: 250429nn fcnnnaabn n ana d

040 ## - FUENTE DE CATALOGACIÓN

  • Agencia original de catalogación: MX-MxUPN
  • Lenguaje de catalogación: spa

111 2# - ENCABEZAMIENTO - NOMBRE DE REUNIÓN

  • Nombre de reunión o de jurisdicción: E-9 Ministerial Review Meeting
  • Número de la parte, sección o reunión: (4° :
  • Fecha de la reunión : 2001 :
  • Lugar de la reunión: Beijing, China)

411 2# - MENCIÓN DE REFERENCIA “VÉASE”- NOMBRE DE CONGRESO

  • Nombre de congreso o jurisdicción como elemento de entrada: Reunión de Ministros de Educación de Países del Grupo EFA-9
  • Fecha del congreso o firma del tratado: (2001 :
  • Sede del congreso: Beijing, China)

670 ## - FUENTE EN LA QUE SE LOCALIZARON DATOS

  • Cita de la fuente: Report, 2001 :
  • Información localizada: cubierta (E-9 Ministerial Review Meeting, Beijing, China, 2001) prefacio (fourth time)
  • Identificador Uniforme del Recurso: https://unesdoc.unesco.org

670 ## - FUENTE EN LA QUE SE LOCALIZARON DATOS

  • Cita de la fuente: Reunión de Ministros de Educación de Países del Grupo EFA-9, 2001 :
  • Información localizada: (Reunión de Ministros de Educación de Países del Grupo EFA-9, Beijing, China, 2001)

902 ## - CATALOGADOR

  • Catalogador: VíctorGodínez/290425